Hold the Line - TOTO (All Lyrics) - Statistics

General Stats
  • This quiz has been taken 128 times
  • The average score is 210 of 247
Answer Stats
Answer % Correct
hold
100%
Hold
100%
the
100%
line
98%
on
97%
time
97%
Love
96%
love
96%
you
95%
always
94%
isn't
90%
not
90%
It's
89%
that
88%
in
86%
me
86%
way
84%
do
83%
say
82%
care
69%
things
69%
your
67%
to
66%
free
60%
my
60%
you've
56%
been
51%
look
51%
or
50%
you'll
50%
friends
49%
back
47%
came
47%
treating
47%
set
46%
end
40%
you're
39%
mine
38%
'til
32%
told
32%
words
30%
girl
19%
stayed
19%
No matching quizzes found
Score Distribution
Percent of People with Each Score
Percentile by Number Answered
Your Score History
You have not taken this quiz